| Tag |
First Indicator |
Second Indicator |
Subfields |
| LEADER |
00000cam a2200000 4500 |
| 001 |
in00000060850 |
| 005 |
20151008051041.0 |
| 008 |
730601s1959 eng u |
| 010 |
|
|
|a 59007141
|
| 035 |
|
|
|a (OCoLC)00634873
|
| 035 |
|
|
|9 AAG5315AM
|
| 040 |
|
|
|c DAY
|d TXA
|d UtOrBLW
|
| 049 |
|
|
|a TXAM
|c [355621]
|
| 050 |
0 |
0 |
|a BF721
|b .G3 1959
|
| 082 |
0 |
|
|a 136.7
|
| 092 |
|
|
|a 136.7
|b G242g 1959
|
| 100 |
1 |
|
|a Garrison, Karl Claudius,
|d 1900-
|
| 245 |
1 |
0 |
|a Growth and development /
|c With a chapter by Florene M. Young and a chapter by Florence Heisler.
|
| 250 |
|
|
|a 2d ed.
|
| 264 |
|
1 |
|a New York :
|b Longmans, Green,
|c [1959]
|
| 300 |
|
|
|a xiv, 559 pages :
|b illustrations, diagrams, tables. ;
|c 22 cm.
|
| 336 |
|
|
|a text
|b txt
|2 rdacontent
|
| 337 |
|
|
|a unmediated
|b n
|2 rdamedia
|
| 338 |
|
|
|a volume
|b nc
|2 rdacarrier
|
| 500 |
|
|
|a "A selected list of motion pictures to accompany each chapter": pages 538-544. Includes bibliographies.
|
| 650 |
|
0 |
|a Child development.
|
| 999 |
|
|
|a MARS
|
| 999 |
f |
f |
|s fe1fb35d-7d20-3761-9257-1d0c55717fa3
|i 83e45c8d-4dc4-36ce-852c-e076e0d1e100
|t 0
|
| 952 |
f |
f |
|p ric
|a Texas A&M University
|b Rellis Campus
|c Joint Library Facility
|d Remote Storage
|t 0
|e BF721 .G3 1959
|h Library of Congress classification
|i unmediated -- volume
|m A14800513791
|
| 998 |
f |
f |
|a BF721 .G3 1959
|t 0
|l Remote Storage
|